Presupuestos : un enfoque práctico /

Detalles Bibliográficos
Autores principales: Piedra Aguilera, Marco Antonio (Autor), Cubero Abril, Teodoro (Autor)
Formato: Electrónico eBook
Lenguaje:español
Publicado: Cuenca, Ecuador : Universidad del Azuay, Casa Editora, [2024]
Colección:Numerus (Universidad del Azuay, Casa Editora)
Materias:
Acceso en línea:Digitalia Hispánica

MARC

LEADER 00000nam a2200000Ii 4500
001 DIGUAZUAY0281
003 NyNyDIG
006 m o d
007 cr |||||||||||
008 251104s2024 ec ob 000 0 spa d
035 |a (OCoLC)1500725596 
040 |a DGITA  |b eng  |e rda  |e pn  |c DGITA 
020 |a 9789942670304  |q eBook 
020 |z 9789942670298 
050 1 4 |a HJ2005 ebook 
100 1 |a Piedra Aguilera, Marco Antonio,  |e author. 
245 1 0 |a Presupuestos :  |b un enfoque práctico /  |c Marco Antonio Piedra Aguilera, Teodoro Cubero Abril. 
264 1 |a Cuenca, Ecuador :  |b Universidad del Azuay, Casa Editora,  |c [2024] 
300 |a 1 online resource. 
336 |a text  |b txt  |2 rdacontent 
337 |a computer  |b c  |2 rdamedia 
338 |a online resource  |b cr  |2 rdacarrier 
347 |a text file  |2 rdaft 
347 |b PDF 
490 1 |a Numerus 
504 |a Includes bibliographical references. 
588 0 |a Online resource; title from PDF title page (Digitalia, viewed November 4, 2025) 
650 0 |a Budget. 
650 0 |a Financial statements. 
700 1 |a Cubero Abril, Teodoro,  |e author. 
791 2 |a Digitalia (Firm),  |e distributor. 
793 0 |g Digitalia eBook Collection:  |a Universidad del Azuay 
776 0 8 |i Print version:  |a Piedra Aguilera, Marco Antonio.  |t Presupuestos.  |d Cuenca, Ecuador : Universidad del Azuay, Casa Editora, [2024]  |z 9789942670298 
830 0 |a Numerus (Universidad del Azuay, Casa Editora) 
856 4 0 |3 Digitalia Hispánica  |u https://www.digitaliapublishing.com/a/170510/ 
910 |a Premium collection: 2025